شعر و حکمت / (Record no. 171719)

MARC details
000 -LEADER
fixed length control field 00456nam a22001697a 4500
005 - DATE AND TIME OF LATEST TRANSACTION
control field 20200117163915.0
010 ## - LCCN (DPL NO)
LC control number A-412295
020 ## - INTERNATIONAL STANDARD BOOK NUMBER
Terms of availability 275.00
035 ## - SYSTEM CONTROL NUMBER
System control number A-412295
037 ## - SOURCE OF ACQUISITION
Source of stock number/acquisition BPPD/Pub.
082 ## - DEWEY DECIMAL CLASSIFICATION NUMBER
Classification number 848
100 ## - MAIN ENTRY--PERSONAL NAME
Personal name مغنی تبسم
245 ## - TITLE STATEMENT
Title شعر و حکمت /
Statement of responsibility, etc مغنی تبسم
260 ## - PUBLICATION, DISTRIBUTION, ETC. (IMPRINT)
Place of publication, distribution, etc Patna
Name of publisher, distributor, etc Khuda bakhsh oriental Public Library
Date of publication, distribution, etc 2005 ء
300 ## - PHYSICAL DESCRIPTION
Extent 867p.
Dimensions 21cm(Hb)
942 ## - ADDED ENTRY ELEMENTS (KOHA)
Source of classification or shelving scheme Dewey Decimal Classification
Item type Urdu Bks
Classification part 848
Call number suffix ا خ ت
Holdings
Withdrawn status Lost status Not for loan Collection code Home library Current library Date acquired Source of acquisition Cost, normal purchase price Full call number Barcode Copy number Cost, replacement price Koha item type
      Non-fiction Central Library Central Library 17/01/2020 BPPD/Ven. 150.00 848 ا خ ت A-412295 1 150.00 Urdu Bks

© Delhi Public Library
Hit Counter
free hit counter